| 000 | 01921nam a22001577a 4500 | ||
|---|---|---|---|
| 041 | _aukr | ||
| 080 | _a09 | ||
| 090 | _bХІН | ||
| 100 | _aХініч В.О. | ||
| 245 | _aГендерні особливості аплікації репрезентативних систем у мовленні особистості (на матеріалі англомовних ліричних текстів) | ||
| 260 |
_aОстрог _bКАФ _c2009 |
||
| 300 | _a69 | ||
| 520 |
_aВСТУП
РОЗДІЛ 1 ГЕНДЕРНІ ОСОБЛИВОСТІ МИСЛЕННЯ ТА МОВЛЕННЯ ОСОБЛИВОСТІ
1.1 Співвідношення мислення та мовлення людини, як засіб формування картини світу.
1.2 Гендерні особливості мовлення людини на фонетичному, лексичному, словотворчих рівнях на рівні стратегії мовної комунікації.
1.3 Візуальна, аудіальна та кінестетична модальності, як складові глибинної структури та внутрішні еквіваленти зовнішніх відчуттів.
РОЗДІЛ 2 ОСОБЛИВОСТІ ФЕМІННОЇ ТА МАСКУЛІННОЇ АПЛІКАЦІЇ РЕПРЕЗЕНТАТИВНИХ СИСТЕМ У МОВЛЕННІ (НА МАТЕРІАЛІ СУЧАСНИХ ПОЕТИЧНИХ ТЕКСТІВ)
2.1 Сенсорні предикати як відображення репрезентативних систем у мовленні.
2.2 Поетичні тексти, що належать чоловікам.
2.3 Поетичні тексти, що належать жінкам.
ВИСНОВКИ _0мислення,гендер,фемінна та маскулінна аплікація |
||
| 650 | _aResearch Papers | ||
| 999 |
_c284185 _d284185 |
||
| 942 | _cBK | ||